000 00402nam a2200133Ia 4500
008 100328s9999 xx 000 0 und d
082 _b20206
100 _aभोसले चिंतामण तुकाराम
245 _aनशिबाची नौका
260 _b---
630 _aनशिबाची नौका
730 _aनशिबाची नौका
942 _cBOOK
999 _c514391
_d514388